Základy ekonomie /

Hlavní autor: Dohnalová, Zuzana, 1966-
Korporativní autor: Univerzita Tomáše Bati ve Zlíně. Fakulta managementu a ekonomiky
Jazyk: Čeština
Vydáno: Zlín : Univerzita Tomáše Bati ve Zlíně, 2011
Vydání: Vyd. 1.
Témata:
Fyzický popis: 174 s. : il. ; 30 cm
Knihy
Uloženo v:
LEADER 01408nam a2200397 a 4500
001 nkc20112175468
003 CZ PrNK
005 20110524105846.0
007 ta
008 110317s2011 xr a e p 000 0 cze
015 |a cnb002175468 
020 |a 978-80-7454-014-1  |q (brož.) 
035 |a (OCoLC)730408104 
040 |a BOA001  |b cze  |d OLA001 
072 7 |a 33  |x Ekonomie  |2 Konspekt  |9 4 
072 7 |a 37.016  |x Učební osnovy. Vyučovací předměty. Učebnice  |2 Konspekt  |9 22 
080 |a 33  |2 MRF 
080 |a (075.8)  |2 MRF 
100 1 |a Dohnalová, Zuzana,  |d 1966-  |7 mzk2003169996  |4 aut 
245 1 0 |a Základy ekonomie /  |c Zuzana Dohnalová 
250 |a Vyd. 1. 
260 |a Zlín :  |b Univerzita Tomáše Bati ve Zlíně,  |c 2011 
300 |a 174 s. :  |b il. ;  |c 30 cm 
500 |a Nad názvem: Univerzita Tomáše Bati ve Zlíně, Fakulta managementu a ekonomiky 
500 |a 105 výt. 
504 |a Obsahuje bibliografii 
650 0 7 |a ekonomie  |7 ph114430  |2 czenas 
650 0 9 |a economics  |2 eczenas 
655 7 |a učebnice vysokých škol  |7 fd133772  |2 czenas 
655 9 |a textbooks (higher)  |2 eczenas 
710 2 |a Univerzita Tomáše Bati ve Zlíně.  |b Fakulta managementu a ekonomiky  |7 kn20010709196 
910 2 |a BOA001  |b 4-1264.864 
990 |a BK 
995 |a 01 
991 |b 201105  |c NOV  |e n 
996 6 |b 2610476223  |c 4-1264.864  |l MZK  |r Sklad / do 1 hodiny  |n 7  |p p.v.  |w 001176097  |u 000010  |a 1  |e BOA001  |j MZK50  |s P